000 00415nam a2200169Ia 4500
003 GCL
008 140319s9999 xx 000 0 eng d
040 _aGCL /
_cGCL
082 0 4 _a632.631
_bD S
100 1 _aDARBYSHIRE,J.F
245 1 0 _aSoil Protozoa /
_cDARBYSHIRE,J.F
260 _a[S.N] :
_bCAB INTERNATIONAL ،
_c1994
300 _a209 P
650 0 4 _aSOIL BIOLOGY
650 0 4 _aPROTOZOA
942 _2ddc
_cBK
999 _c16811
_d16811